LAKSAMANA CHENG HO DI ALAM MELAYU (1371-1433) / (Record no. 187437)
[ view plain ]
| 000 -LEADER | |
|---|---|
| fixed length control field | 01231aam a2200361 i 4500 |
| 001 - CONTROL NUMBER | |
| control field | vtls000940841 |
| 003 - CONTROL NUMBER IDENTIFIER | |
| control field | PNM |
| 005 - DATE AND TIME OF LATEST TRANSACTION | |
| control field | 20220210112408.0 |
| 008 - FIXED-LENGTH DATA ELEMENTS--GENERAL INFORMATION | |
| fixed length control field | 211108s2021 my aob e 000 0 may |
| 015 ## - NATIONAL BIBLIOGRAPHY NUMBER | |
| National bibliography number | M21-09212 |
| 020 ## - INTERNATIONAL STANDARD BOOK NUMBER | |
| International Standard Book Number | 9789671638774 |
| Terms of availability | RM150.00 |
| Qualifying information | hardback |
| 039 #9 - LEVEL OF BIBLIOGRAPHIC CONTROL AND CODING DETAIL [OBSOLETE] | |
| Level of rules in bibliographic description | 202112221459 |
| Level of effort used to assign nonsubject heading access points | nor_afizah |
| Level of effort used to assign subject headings | 202111231520 |
| Level of effort used to assign classification | miza_h |
| Level of effort used to assign subject headings | 202111110811 |
| Level of effort used to assign classification | adayu |
| 040 ## - CATALOGING SOURCE | |
| Original cataloging agency | BNM |
| Language of cataloging | eng |
| Transcribing agency | BNM |
| Description conventions | rda |
| Modifying agency | PPAK |
| 049 ## - LOCAL HOLDINGS (OCLC) | |
| Holding library | mal |
| 082 04 - DEWEY DECIMAL CLASSIFICATION NUMBER | |
| Classification number | 910.92251 |
| Edition number | 23 |
| 090 00 - LOCALLY ASSIGNED LC-TYPE CALL NUMBER (OCLC); LOCAL CALL NUMBER (RLIN) | |
| Classification number (OCLC) (R) ; Classification number, CALL (RLIN) (NR) | 910.92251 |
| Feature heading | LIU |
| Feature heading | R |
| 100 1# - MAIN ENTRY--PERSONAL NAME | |
| Personal name | Liu, Yusuf Baojun, |
| Dates associated with a name | 1963- |
| Relator term | author. |
| 245 10 - TITLE STATEMENT | |
| Title | LAKSAMANA CHENG HO DI ALAM MELAYU (1371-1433) / |
| Statement of responsibility, etc. | YUSUF LIU BAOJUN |
| 250 ## - EDITION STATEMENT | |
| Edition statement | Edisi Pertama: 2021 |
| 264 #1 - PRODUCTION, PUBLICATION, DISTRIBUTION, MANUFACTURE, AND COPYRIGHT NOTICE | |
| Place of production, publication, distribution, manufacture | Petaling Jaya, Selangor : |
| Name of producer, publisher, distributor, manufacturer | CM Diverse Sdn. Bhd., |
| Date of production, publication, distribution, manufacture, or copyright notice | [2021] |
| 300 ## - PHYSICAL DESCRIPTION | |
| Extent | xi, 166 pages : |
| Other physical details | illustrations, colour photographs, colour maps, ; |
| Dimensions | 26 cm |
| 336 ## - CONTENT TYPE | |
| Content type term | text |
| Source | rdacontent |
| 337 ## - MEDIA TYPE | |
| Media type term | unmediated |
| Source | rdamedia |
| 338 ## - CARRIER TYPE | |
| Carrier type term | volume |
| Source | rdacarrier |
| 500 ## - GENERAL NOTE | |
| General note | Parallel text in Malay and Chinese language |
| 504 ## - BIBLIOGRAPHY, ETC. NOTE | |
| Bibliography, etc. note | Bibliography: pages 165-166 |
| 600 10 - SUBJECT ADDED ENTRY--PERSONAL NAME | |
| Personal name | Zheng, He, 1371-1435 |
| Personal name | Zheng, He, |
| Dates associated with a name | 1371-1435 |
| General subdivision | Travel |
| Geographic subdivision | Western countries |
| 650 10 - SUBJECT ADDED ENTRY--TOPICAL TERM | |
| Topical term or geographic name entry element | Explorers |
| Geographic subdivision | China |
| Form subdivision | Biography |
| 942 ## - ADDED ENTRY ELEMENTS (KOHA) | |
| Source of classification or shelving scheme | Dewey Decimal Classification |
| Koha item type | Book |
| 949 ## - LOCAL PROCESSING INFORMATION (OCLC) | |
| 6 | 2000784825 |
| 6 | 2000784824 |
| Withdrawn | Not for loan | Current library | Shelving location | Date acquired | Full call number | Barcode | Date last seen | Koha item type |
|---|---|---|---|---|---|---|---|---|
| Not For Loan | Perpustakaan Alor Setar | Rujukan Dewasa | 23/03/2022 | R 910.92251 LIU | A01725900 | 23/03/2022 | Book | |
| Not For Loan | Perpustakaan Awam Sungai Petani | Rujukan Dewasa | 23/03/2022 | R 910.92251 LIU | A01725901 | 23/03/2022 | Book | |
| Not For Loan | Perpustakaan Baling | Rujukan Dewasa | 23/03/2022 | R 910.92251 LIU | A01725905 | 23/03/2022 | Book | |
| Not For Loan | Perpustakaan Bandar Baharu | Rujukan Dewasa | 23/03/2022 | R 910.92251 LIU | A01725906 | 23/03/2022 | Book | |
| Not For Loan | Perpustakaan Jitra | Rujukan Dewasa | 23/03/2022 | R 910.92251 LIU | A01725902 | 23/03/2022 | Book | |
| Not For Loan | Perpustakaan Kulim | Rujukan Dewasa | 23/03/2022 | R 910.92251 LIU | A01725904 | 23/03/2022 | Book | |
| Not For Loan | Perpustakaan Langkawi | Rujukan Dewasa | 23/03/2022 | R 910.92251 LIU | A01725903 | 23/03/2022 | Book | |
| Not For Loan | Perpustakaan Langkawi | Rujukan Dewasa | 23/03/2022 | R 910.92251 LIU | A01725910 | 23/03/2022 | Book | |
| Not For Loan | Perpustakaan Merbok | Rujukan Dewasa | 23/03/2022 | R 910.92251 LIU | A01725907 | 23/03/2022 | Book | |
| Not For Loan | Perpustakaan Pendang | Rujukan Dewasa | 23/03/2022 | R 910.92251 LIU | A01725911 | 23/03/2022 | Book | |
| Not For Loan | Perpustakaan Sik | Rujukan Dewasa | 23/03/2022 | R 910.92251 LIU | A01725909 | 23/03/2022 | Book | |
| Not For Loan | Perpustakaan Yan | Rujukan Dewasa | 23/03/2022 | R 910.92251 LIU | A01725908 | 23/03/2022 | Book | |
| Not For Loan | T-PD26, Kg. Lubuk Batu, Jitra | Rujukan Dewasa | 23/03/2022 | R 910.92251 LIU | A01725912 | 23/03/2022 | Book |